Top 10 most famous countries - Statistics

General Stats
  • This quiz has been taken 49 times
  • The average score is 9 of 10
Answer Stats
Answer Honorable Mentions % Correct
France Egypt
91%
United States of America South Korea
91%
Canada Singapore
89%
China England
89%
Germany South Africa
87%
Japan Greece
87%
Russia Ireland
87%
United Kingdom Australia
87%
Spain Brazil
85%
India Italy
78%
No matching quizzes found
Score Distribution
Percent of People with Each Score
Percentile by Number Answered
Your Score History
You have not taken this quiz